000 nam a22 7a 4500
999 _c7738
_d7738
008 171005b xxu||||| |||| 00| 0 eng d
100 _94220
_aQureshi.D.S.
245 _aBiology-XI
260 _aNew delhi
_bJPH
_c2009